The way to hedge your bets (Record no. 80347)
[ view plain ]
| 000 -LEADER | |
|---|---|
| fixed length control field | 00912cab a22002055a 4500 |
| 001 - CONTROL NUMBER | |
| control field | L144112 |
| 008 - FIXED-LENGTH DATA ELEMENTS--GENERAL INFORMATION | |
| fixed length control field | 080619e20080614xxka f v 000 0 eng d |
| 035 ## - SYSTEM CONTROL NUMBER | |
| System control number | (Sirsi) u144112 |
| 041 0# - LANGUAGE CODE | |
| Language code of text/sound track or separate title | eng |
| 100 1# - MAIN ENTRY--PERSONAL NAME | |
| Personal name | Wilmot-Smith, Andrew |
| 245 04 - TITLE STATEMENT | |
| Title | The way to hedge your bets |
| 260 ## - PUBLICATION, DISTRIBUTION, ETC. | |
| Date of publication, distribution, etc. | 2008 |
| 490 #0 - SERIES STATEMENT | |
| Series statement | Estates Gazette |
| Volume/sequential designation | (823) 14 June 2008, 112-113(2) |
| 520 ## - SUMMARY, ETC. | |
| Summary, etc. | A Mainly for Students article, explaining what derivatives are and what to consider when investing in them. Suggests that derivatives are an increasingly attractive method of managing exposure in uncertain economic times. Gives a simplified example of a property total return swap. Explains the advantages and disadvantages of dealing in derivatives rather than actual property. |
| 590 ## - LOCAL NOTE (RLIN) | |
| Local note | KA |
| 651 #4 - SUBJECT ADDED ENTRY--GEOGRAPHIC NAME | |
| Geographic name | United Kingdom |
| Chronological subdivision | |
| 690 ## - LOCAL SUBJECT ADDED ENTRY--TOPICAL TERM (OCLC, RLIN) | |
| Topical term or geographic name as entry element | PROPERTY-COMMERCIAL PROPERTY-COMMERCIAL PROPERTY MARKET |
| 700 1# - ADDED ENTRY--PERSONAL NAME | |
| Personal name | Stone, Nigel |
| 942 ## - ADDED ENTRY ELEMENTS (KOHA) | |
| Suppress in OPAC | 0 |
| Withdrawn status | Lost status | Source of classification or shelving scheme | Damaged status | Not for loan | Home library | Current library | Shelving location | Date acquired | Total Checkouts | Full call number | Barcode | Date last seen | Copy number | Price effective from | Koha item type |
|---|---|---|---|---|---|---|---|---|---|---|---|---|---|---|---|
| Dewey Decimal Classification | London | London | Journal article | 19/06/2008 | L144112 | 144112-1001 | 06/08/2019 | 1 | 06/08/2019 | Journal article |